<?xml version="1.0" encoding="UTF-8"?>
<record
    xmlns:xsi="http://www.w3.org/2001/XMLSchema-instance"
    xsi:schemaLocation="http://www.loc.gov/MARC21/slim http://www.loc.gov/standards/marcxml/schema/MARC21slim.xsd"
    xmlns="http://www.loc.gov/MARC21/slim">

  <leader>04404cam a2200409   4500500</leader>
  <controlfield tag="005">20260517000331.0</controlfield>
  <datafield tag="041" ind1=" " ind2=" ">
    <subfield code="a">fre</subfield>
  </datafield>
  <datafield tag="042" ind1=" " ind2=" ">
    <subfield code="a">dc</subfield>
  </datafield>
  <datafield tag="100" ind1="1" ind2="0">
    <subfield code="a">Berthe, Abdramane</subfield>
    <subfield code="e">author</subfield>
  </datafield>
  <datafield tag="700" ind1="1" ind2="0">
    <subfield code="a">Traor&#xE9;, Isidore T.</subfield>
    <subfield code="e">author</subfield>
  </datafield>
  <datafield tag="700" ind1="1" ind2="0">
    <subfield code="a">Berth&#xE9;-Sanou, Lalla</subfield>
    <subfield code="e">author</subfield>
  </datafield>
  <datafield tag="700" ind1="1" ind2="0">
    <subfield code="a">Som&#xE9;, Josiane</subfield>
    <subfield code="e">author</subfield>
  </datafield>
  <datafield tag="700" ind1="1" ind2="0">
    <subfield code="a">Salouka, Souleymane</subfield>
    <subfield code="e">author</subfield>
  </datafield>
  <datafield tag="700" ind1="1" ind2="0">
    <subfield code="a">Rouamba, J&#xE9;r&#xE9;mi</subfield>
    <subfield code="e">author</subfield>
  </datafield>
  <datafield tag="700" ind1="1" ind2="0">
    <subfield code="a">Mayaud, Philippe</subfield>
    <subfield code="e">author</subfield>
  </datafield>
  <datafield tag="700" ind1="1" ind2="0">
    <subfield code="a">Nagot, Nicolas</subfield>
    <subfield code="e">author</subfield>
  </datafield>
  <datafield tag="700" ind1="1" ind2="0">
    <subfield code="a">M&#xE9;da, Nicolas</subfield>
    <subfield code="e">author</subfield>
  </datafield>
  <datafield tag="245" ind1="0" ind2="0">
    <subfield code="a">Acceptabilit&#xE9; d'un essai vaccinal contre le VIH &#xE0; moyen terme au Burkina Faso&#x2008;: perceptions des acteurs</subfield>
  </datafield>
  <datafield tag="260" ind1=" " ind2=" ">
    <subfield code="c">2013.
							</subfield>
  </datafield>
  <datafield tag="500" ind1=" " ind2=" ">
    <subfield code="a">54</subfield>
  </datafield>
  <datafield tag="520" ind1=" " ind2=" ">
    <subfield code="a">Introduction?: la meilleure r&#xE9;ponse attendue au VIH serait la d&#xE9;couverte d&#x2019;un vaccin efficace. L&#x2019;&#xE9;valuation des b&#xE9;n&#xE9;fices/risques de ce vaccin ne peut se faire en dehors de l&#x2019;Afrique o&#xF9; la&#xA0;majorit&#xE9; des infections &#xE0; VIH se produisent. Cette &#xE9;tude vise &#xE0; cerner les perceptions, l&#x2019;acceptabilit&#xE9; d&#x2019;un &#xE9;ventuel essai vaccinal &#xE0; moyen terme &#xE0; Ouagadougou (Burkina Faso). M&#xE9;thodes?: outre une &#xAB;?revue de la litt&#xE9;rature?&#xBB;, la collecte des donn&#xE9;es s&#x2019;est d&#xE9;roul&#xE9;e aupr&#xE8;s des informateurs-cl&#xE9;s, des &#xAB;?prox&#xE9;n&#xE8;tes?&#xBB;, des Filles Impliqu&#xE9;es dans le Commerce Sexuel (FICS), des repr&#xE9;sentants des associations de lutte contre le VIH et/ou le sida, des animatrices et des pairs &#xE9;ducatrices. Les&#xA0;donn&#xE9;es ont &#xE9;t&#xE9; transcrites et analys&#xE9;es manuellement. R&#xE9;sultats?: la grande majorit&#xE9; des enqu&#xEA;t&#xE9;s trouvait qu&#x2019;il serait pertinent de tester un vaccin contre le VIH &#xE0; Ouagadougou. La quasi-totalit&#xE9; des FICS participerait &#xE0; cet &#xE9;ventuel essai et plusieurs facteurs les motiveraient &#xE0; le faire. Les potentielles parties prenantes &#xE0; ce futur essai &#xE9;taient aptes &#xE0; jouer le r&#xF4;le attendu d&#x2019;eux. Une v&#xE9;ritable strat&#xE9;gie de communication serait indispensable pour r&#xE9;ussir cet essai. Discussion?: les r&#xE9;sultats de cette &#xE9;tude sont similaires &#xE0; ceux d&#x2019;&#xE9;tudes ant&#xE9;rieures r&#xE9;alis&#xE9;es au Burkina Faso sur l&#x2019;acceptabilit&#xE9;/faisabilit&#xE9; d&#x2019;&#xE9;tudes ou d&#x2019;essais cliniques. Il faut d&#xE9;sormais investir sur le renforcement des comp&#xE9;tences/capacit&#xE9;s de l&#x2019;ensemble des parties prenantes et/ou la bonne pr&#xE9;paration des acteurs &#xE0; pouvoir jouer le r&#xF4;le attendu d&#x2019;eux.</subfield>
  </datafield>
  <datafield tag="520" ind1=" " ind2=" ">
    <subfield code="a">Medium-term acceptability of HIV vaccine clinical trials in Burkina Faso: stakeholders&#x2019; perceptions Introduction: The ideal response to HIV would be the discovery of an effective vaccine. Evaluation of the benefit/risk balance of this vaccine must include Africa, where the majority of HIV infections are observed. This study was designed to identify the perceptions and the medium-term acceptability of a potential vaccine trial in Ouagadougou (Burkina Faso). Methods: After a &#x201C;literature review&#x201D;, data were collected from key informants, &#x201C;pimps&#x201D; of prostitutes, representatives of HIV and/or AIDS associations, facilitators and peer educators. Data were transcribed and analysed manually. Results: The vast majority of respondents considered that it would be relevant to test an HIV vaccine in Ouagadougou (Burkina Faso). Almost all prostitutes would participate in such a trial and would be motivated by several factors. Potential participants were willing to play the role expected of them. A real communication strategy will be needed to conduct this trial. Discussion: The results of this study are similar to those of previous studies conducted in Burkina Faso concerning the acceptability/feasibility of clinical trials. Acceptability studies of&#xA0;clinical trials are therefore becoming less and less relevant. Reinforcing the skills/capacities of all stakeholders and/or adequate preparation of participants to play the role expected of them are therefore now more important than acceptability studies.</subfield>
  </datafield>
  <datafield tag="690" ind1=" " ind2=" ">
    <subfield code="a">Afrique subsaharienne</subfield>
  </datafield>
  <datafield tag="690" ind1=" " ind2=" ">
    <subfield code="a">essai pr&#xE9;ventif</subfield>
  </datafield>
  <datafield tag="690" ind1=" " ind2=" ">
    <subfield code="a">&#xE9;tude de faisabilit&#xE9;</subfield>
  </datafield>
  <datafield tag="690" ind1=" " ind2=" ">
    <subfield code="a">prostitution</subfield>
  </datafield>
  <datafield tag="690" ind1=" " ind2=" ">
    <subfield code="a">vaccin</subfield>
  </datafield>
  <datafield tag="690" ind1=" " ind2=" ">
    <subfield code="a">VIH</subfield>
  </datafield>
  <datafield tag="690" ind1=" " ind2=" ">
    <subfield code="a">clinical trial</subfield>
  </datafield>
  <datafield tag="690" ind1=" " ind2=" ">
    <subfield code="a">HIV infection</subfield>
  </datafield>
  <datafield tag="690" ind1=" " ind2=" ">
    <subfield code="a">prostitution</subfield>
  </datafield>
  <datafield tag="690" ind1=" " ind2=" ">
    <subfield code="a">randomized controlled trial</subfield>
  </datafield>
  <datafield tag="690" ind1=" " ind2=" ">
    <subfield code="a">Sub-Saharan Africa</subfield>
  </datafield>
  <datafield tag="690" ind1=" " ind2=" ">
    <subfield code="a">vaccination</subfield>
  </datafield>
  <datafield tag="786" ind1="0" ind2=" ">
    <subfield code="n">Sant&#xE9; Publique | 25 | 5 | 2013-10-01 | p. 675-683 | 0995-3914</subfield>
  </datafield>
  <datafield tag="856" ind1="4" ind2="1">
    <subfield code="u">https://stm.cairn.info/revue-sante-publique-2013-5-page-675?lang=fr&amp;redirect-ssocas=7080</subfield>
  </datafield>
  <datafield tag="999" ind1=" " ind2=" ">
    <subfield code="c">2231382</subfield>
    <subfield code="d">2231382</subfield>
  </datafield>
</record>
